Enzýmová príprava alkylgalaktozidov v dvojfázových systémoch

Guardado en:
Detalles Bibliográficos
Autor principal: Pákozdiová, Klaudia
Formato: Libro
Lenguaje:eslovaco
Publicado: Bratislava STU FCHPT 2011
Acceso en línea:Ver en el OPAC
Etiquetas: Agregar Etiqueta
Sin Etiquetas, Sea el primero en etiquetar este registro!

MARC

LEADER 00000nam a2200000 a 4500
005 20260127134214.0
008 110908 2011 xo 000 0 slo d
035 |a vtls010309622 
039 9 |y 201109080754  |z mschk03 
040 |a STUSCHK1  |b slo  |c STUSCHK1  |e AACR2 
100 1 |a Pákozdiová, Klaudia 
245 1 |a Enzýmová príprava alkylgalaktozidov v dvojfázových systémoch  |c Klaudia Pákozdiová 
260 |a Bratislava  |b STU FCHPT  |c 2011 
300 |a 34 s.  |b il.  |c 30 cm 
500 |a Obháj.: 11.7. 2011 
500 |a Študijný program: biotechnológie 
500 |a Študijný odbor: 5.2.25 biotechnológie 
500 |a Bakalárska práca 
500 |a FCHPT, Oddelenie biochemickej technológie 
500 |a Evidenčné číslo: 5419-58281 
910 |a SCHK95 
999 |c 6650  |d 6650